[Event "PRO League Group Stage"]
[Site "chess.com INT"]
[Date "2018.02.24"]
[Round "7"]
[White "Parnali, S Dharia"]
[Black "Safin, Artur"]
[Result "1/2-1/2"]
[WhiteTitle "WIM"]
[WhiteElo "2082"]
[BlackElo "2229"]
[WhiteTeam "Mumbai Movers"]
[BlackTeam "Dallas Destiny"]
[WhiteFideId "5043131"]
[BlackFideId "2041367"]
[EventDate "2018.01.18"]

1. d4 Nf6 2. c4 e6 3. g3 d5 4. Nf3 Be7 5. Bg2 O-O 6. O-O c6 7. Qc2 b6 8. Nbd2
Nbd7 9. e4 dxe4 10. Nxe4 Bb7 11. Rd1 Qc8 12. Bg5 h6 13. Bxf6 Nxf6 14. Ne5 Qc7
15. c5 Nxe4 16. Qxe4 bxc5 17. dxc5 Rad8 18. Nxc6 Bxc6 19. Qxc6 Qxc6 20. Bxc6
Bxc5 21. Rac1 Bd4 22. Rd2 g6 23. Rcd1 e5 24. Kg2 Kg7 25. Ba4 g5 26. g4 h5 27. h3
Rh8 28. Bc2 Rb8 29. b3 hxg4 30. hxg4 Rh4 31. Bf5 Rbh8 32. Kf3 Rh3+ 33. Ke4 Rh2 1/2-1/2

[Event "PRO League Group Stage"]
[Site "chess.com INT"]
[Date "2018.02.24"]
[Round "7"]
[White "Parnali, S Dharia"]
[Black "Patel, Advait"]
[Result "0-1"]
[WhiteTitle "WIM"]
[BlackTitle "IM"]
[WhiteElo "2082"]
[BlackElo "2478"]
[WhiteTeam "Mumbai Movers"]
[BlackTeam "Montclair Sopranos"]
[WhiteFideId "5043131"]
[BlackFideId "2075105"]
[EventDate "2018.01.18"]

1. d4 Nf6 2. g3 g6 3. Bg2 Bg7 4. e4 d6 5. Nc3 a6 6. Nge2 Nbd7 7. O-O O-O 8. h3
c5 9. Be3 Qc7 10. Kh2 cxd4 11. Bxd4 e5 12. Be3 b5 13. a3 Bb7 14. Nc1 Nc5 15. f3
Rad8 16. Nd3 Nxd3 17. Qxd3 d5 18. exd5 Nxd5 19. Nxd5 Bxd5 20. Qc3 Qxc3 21. bxc3
Rc8 22. Rfd1 Be6 23. Bd2 Rfd8 24. Be1 Rxd1 25. Rxd1 Bf8 26. f4 exf4 27. gxf4
Bxa3 28. Bb7 Re8 29. Bxa6 Bc4 30. Bf2 Re2 31. Kg3 Be7 32. Re1 Bh4+ 33. Kxh4 Rxf2
34. Kg5 Kg7 35. Re3 Rg2+ 36. Kh4 f6 37. Rg3 Rxc2 38. Bb7 Rf2 39. Rf3 Re2 40. Kg3
Re7 41. Bc6 f5 42. Kf2 Rc7 43. Ba8 Ra7 44. Bc6 Kf6 45. Re3 Rc7 46. Ba8 h6 47. h4
Ra7 48. Bf3 Ra2+ 49. Kg3 Rc2 50. Bg2 g5 51. hxg5+ hxg5 52. Bf3 Rd2 53. Bb7 Rd1
54. Bf3 Rc1 55. Bb7 Rg1+ 56. Kf2 Rf1+ 57. Kg2 Rxf4 58. Re8 Rh4 59. Rf8+ Ke5 60.
Re8+ Kf4 61. Rd8 g4 62. Rd4+ Kg5 63. Rd8 f4 64. Bd5 g3 65. Bxc4 bxc4 66. Rg8+
Kf5 67. Kf3 Ke5 68. Re8+ Kd5 69. Rd8+ Kc5 70. Rc8+ Kb5 71. Rb8+ Ka4 72. Rb4+ Ka3
73. Rxc4 g2 74. Kf2 Rg4 75. Kg1 Kb3 76. Rc8 f3 77. Rf8 Rg3 78. Rf4 Kxc3 79. Rf5
Kd3 80. Rf8 Ke4 81. Re8+ Kf4 82. Rf8+ Ke5 83. Re8+ Kf5 84. Rf8+ Ke6 85. Re8+ Kf7
86. Re1 Kf6 87. Kf2 Rh3 88. Re3 Kf5 89. Re8 Rh1 90. Rf8+ Ke6 91. Rg8 Rf1+ 92.
Ke3 g1=Q+ 93. Rxg1 Rxg1 94. Kxf3 Rg5 95. Kf4 Rf5+ 96. Ke4 Rf6 97. Kd4 Rf4+ 98.
Ke3 Ke5 99. Kd3 Rf5 100. Ke3 Rg5 101. Kf3 Rg6 102. Ke3 Rg3+ 103. Kf2 Kf4 104.
Ke2 Ke4 105. Kf2 Rg4 106. Ke2 Rg2+ 107. Kf1 Kf3 108. Ke1 Ke3 109. Kf1 Rg3 110.
Ke1 Rg1# 0-1

[Event "PRO League Group Stage"]
[Site "chess.com INT"]
[Date "2018.02.24"]
[Round "7"]
[White "Parnali, S Dharia"]
[Black "Chu, Ruotong"]
[Result "0-1"]
[WhiteTitle "WIM"]
[WhiteElo "2082"]
[BlackElo "2267"]
[WhiteTeam "Mumbai Movers"]
[BlackTeam "Chengdu Pandas"]
[WhiteFideId "5043131"]
[BlackFideId "8605653"]
[EventDate "2018.01.18"]

1. d4 Nf6 2. c4 g6 3. Nc3 d5 4. cxd5 Nxd5 5. Bd2 Bg7 6. e4 Nxc3 7. Bxc3 O-O 8.
Nf3 Bg4 9. Be2 Nc6 10. d5 Bxf3 11. Bxf3 Bxc3+ 12. bxc3 Ne5 13. Be2 c6 14. Qd4
Nd7 15. dxc6 bxc6 16. O-O Qc7 17. Rfd1 Rfd8 18. Qe3 Rab8 19. h4 Qe5 20. Bc4 Nb6
21. Bb3 c5 22. a4 c4 23. Bc2 Qc7 24. a5 Nd7 25. Rd5 e6 26. Rd4 Ne5 27. Rad1 Nc6
28. Rxc4 Rxd1+ 29. Bxd1 Rb1 30. Qd3 Ra1 31. g3 Ne5 32. Rxc7 Nxd3 33. Rc8+ Kg7
34. Kf1 Nb2 35. Ke2 Nxd1 36. Rc7 Nb2 37. Rxa7 Nc4 38. a6 Ra3 39. Kd3 Ne5+ 40.
Kc2 Nc6 41. Ra8 Ne5 42. Kb2 Nc4+ 43. Kc2 Nb6 44. Ra7 Na4 45. Ra8 Rxc3+ 46. Kd2
Ra3 47. a7 Ra2+ 48. Ke3 Ra3+ 49. Ke2 Kf6 50. Rb8 Nc3+ 51. Kd3 Nb5+ 52. Ke2 Nxa7
53. Ra8 Nb5 54. Rb8 Nd4+ 55. Kf1 Nc6 56. Rb6 Ne5 57. f4 Ng4 58. e5+ Kg7 59. Rb7
Rxg3 60. Rb4 Rf3+ 61. Kg2 Ra3 62. Rd4 Ne3+ 63. Kg1 Nd5 64. Kg2 Rb3 65. Re4 Rb4
66. Kf3 Rxe4 67. Kxe4 f6 68. Kf3 fxe5 69. fxe5 Kh6 70. Kg4 Ne7 71. Kh3 Kh5 72.
Kg3 Nf5+ 73. Kh3 Nxh4 74. Kg3 g5 75. Kh3 g4+ 76. Kg3 Kg5 77. Kh2 Kf4 78. Kg1 g3
79. Kh1 Kf3 80. Kg1 g2 81. Kh2 Kf2 82. Kh3 g1=Q 83. Kxh4 Kf3 84. Kh5 Kf4 85. Kh6
Qg6# 0-1

[Event "PRO League Group Stage"]
[Site "chess.com INT"]
[Date "2018.02.24"]
[Round "7"]
[White "Tang, Andrew"]
[Black "Klein, David"]
[Result "0-1"]
[WhiteTitle "IM"]
[BlackTitle "GM"]
[WhiteElo "2513"]
[BlackElo "2501"]
[WhiteTeam "Minnesota Blizzard"]
[BlackTeam "Amsterdam Mosquitoes"]
[WhiteFideId "2059630"]
[BlackFideId "1003623"]
[EventDate "2018.01.18"]

1. d4 e6 2. c4 b6 3. Nc3 Bb7 4. Qc2 f5 5. Bf4 Nf6 6. e3 Bb4 7. Nf3 Ne4 8. h3 O-O
9. Bd3 d6 10. Bh2 Nd7 11. O-O Bxc3 12. bxc3 Rf6 13. Nd2 Nxd2 14. Qxd2 Rg6 15. f3
Qh4 16. Kh1 Rf8 17. Rae1 e5 18. Qf2 Qh5 19. d5 Nc5 20. Be2 Qh6 21. Qg1 Bc8 22.
f4 e4 23. Qf2 Bd7 24. Bg3 Ba4 25. Bh4 Nd3 26. Bxd3 exd3 27. Be7 Re8 28. Bg5 Qh5
29. e4 fxe4 30. Kh2 Bd7 31. Rg1 h6 32. g4 Bxg4 33. Rxg4 hxg5 34. f5 Rh6 35. Qg2
d2 36. Rg1 Rh7 37. Rxg5 Qh6 38. Qg3 Qf6 39. Rg6 Qe5 40. Re6 Rxe6 41. fxe6 e3 0-1

[Event "PRO League Group Stage"]
[Site "chess.com INT"]
[Date "2018.02.24"]
[Round "7"]
[White "Tang, Andrew"]
[Black "Grandelius, Nils"]
[Result "1/2-1/2"]
[WhiteTitle "IM"]
[BlackTitle "GM"]
[WhiteElo "2513"]
[BlackElo "2647"]
[WhiteTeam "Minnesota Blizzard"]
[BlackTeam "Norway Gnomes"]
[WhiteFideId "2059630"]
[BlackFideId "1710400"]
[EventDate "2018.01.18"]

1. d4 Nf6 2. Bf4 c5 3. e3 g6 4. Nf3 Bg7 5. Be2 O-O 6. O-O d6 7. h3 cxd4 8. exd4
Qb6 9. Na3 Qxb2 10. Nb5 Na6 11. a3 Bd7 12. Rb1 Qa2 13. Rb3 Rfc8 14. c4 Bxb5 15.
Rxb5 Qxa3 16. Rxb7 Rc7 17. Rb1 Qa5 18. Rb5 Qa3 19. Bd2 Nb8 20. Ra5 Qb2 21. Rb5
Qa2 22. Ra5 Qb2 23. Rb5 Qa2 24. Ra5 Qb2 25. Rb5 Qa2 1/2-1/2

[Event "PRO League Group Stage"]
[Site "chess.com INT"]
[Date "2018.02.24"]
[Round "7"]
[White "Tang, Andrew"]
[Black "Tan, Justin2"]
[Result "1-0"]
[WhiteTitle "IM"]
[BlackTitle "IM"]
[WhiteElo "2513"]
[BlackElo "2466"]
[WhiteTeam "Minnesota Blizzard"]
[BlackTeam "London Lions"]
[WhiteFideId "2059630"]
[BlackFideId "3206882"]
[EventDate "2018.01.18"]

1. d4 Nf6 2. Bf4 d5 3. e3 c5 4. dxc5 Nc6 5. Bb5 e6 6. b4 a5 7. c3 Bd7 8. Qb3 Be7
9. Ne2 O-O 10. O-O axb4 11. cxb4 Ne4 12. Rd1 b6 13. Nbc3 Nxc3 14. Nxc3 bxc5 15.
bxc5 Bxc5 16. Na4 Be7 17. Rac1 Na5 18. Qd3 Nc4 19. Bxd7 Qxd7 20. Rxc4 Rxa4 21.
Rc7 Qd8 22. Qc2 Bf6 23. Qxa4 1-0

[Event "PRO League Group Stage"]
[Site "chess.com INT"]
[Date "2018.02.24"]
[Round "7"]
[White "Tang, Andrew"]
[Black "Kobo, Ori"]
[Result "0-1"]
[WhiteTitle "IM"]
[BlackTitle "GM"]
[WhiteElo "2513"]
[BlackElo "2477"]
[WhiteTeam "Minnesota Blizzard"]
[BlackTeam "Oslo Trolls"]
[WhiteFideId "2059630"]
[BlackFideId "2812320"]
[EventDate "2018.01.18"]

1. d4 d6 2. c4 e5 3. Nf3 e4 4. Ng5 f5 5. Nc3 Be7 6. Nh3 c6 7. d5 Nf6 8. g3 O-O
9. Bg2 Na6 10. O-O Qa5 11. a3 Nc7 12. b4 Qa6 13. Qb3 cxd5 14. b5 Qa5 15. cxd5 a6
16. Bd2 Nxb5 17. Nxe4 Qd8 18. Nc3 Nxc3 19. Bxc3 Ne4 20. Rac1 Nxc3 21. Rxc3 Bf6
22. Rc2 g5 23. Rfc1 f4 24. gxf4 g4 25. Ng5 Bxg5 26. fxg5 Qxg5 27. Qg3 Qf6 28.
Rxc8 Raxc8 29. Qxg4+ Qg6 30. Qxc8 Rxc8 31. Rxc8+ Kg7 32. Rc7+ Kh6 33. Rxb7 Qc2
34. Bf3 Qc1+ 35. Kg2 Qg5+ 36. Kf1 Qc1+ 37. Kg2 Qg5+ 38. Kh3 Qf5+ 39. Kg3 Qe5+
40. Kh3 Qf5+ 41. Bg4 Qxf2 42. Re7 Qf1+ 43. Kg3 Qg1+ 44. Kf3 Qh1+ 45. Kg3 Qxd5
46. Re6+ Kg7 47. Re7+ Kg6 48. h4 h5 49. Bf3 Qc5 50. Re6+ Kf7 51. Re4 Qxa3 52.
Kg2 Qc5 53. Rf4+ Ke7 54. Re4+ Kd8 55. Rf4 a5 56. Kf1 Qc1+ 57. Kg2 Qxf4 0-1

[Event "PRO League Group Stage"]
[Site "chess.com INT"]
[Date "2018.02.24"]
[Round "7"]
[White "Kobo, Ori"]
[Black "Naroditsky, Daniel"]
[Result "0-1"]
[WhiteTitle "GM"]
[BlackTitle "GM"]
[WhiteElo "2477"]
[BlackElo "2619"]
[WhiteTeam "Oslo Trolls"]
[BlackTeam "San Jose Hackers"]
[WhiteFideId "2812320"]
[BlackFideId "2026961"]
[EventDate "2018.01.18"]

1. Nf3 d5 2. g3 Nc6 3. d4 Bf5 4. Bg2 Nb4 5. Na3 c6 6. O-O Nf6 7. c3 Na6 8. Nc2
h6 9. Ne5 e6 10. f3 Be7 11. e4 Bh7 12. Qe2 Nc7 13. Bf4 O-O 14. Rad1 Nb5 15. c4
dxc4 16. Nxc4 Ne8 17. Kh1 Nbd6 18. Ne5 Nf6 19. Rd2 Qa5 20. a3 Rad8 21. Rfd1 Qa4
22. Nd3 Nc4 23. b3 Qxb3 24. Nc5 Bxc5 25. Rd3 Qb5 26. dxc5 Nb2 27. a4 Nxa4 28.
Na3 Qa6 29. Qc2 Rxd3 30. Rxd3 Nxc5 31. Rc3 Nd5 32. Rxc5 Nxf4 33. gxf4 Qxa3 34.
h4 Qe3 0-1

[Event "PRO League Group Stage"]
[Site "chess.com INT"]
[Date "2018.02.24"]
[Round "7"]
[White "Kobo, Ori"]
[Black "Hambleton, Aman"]
[Result "1-0"]
[WhiteTitle "GM"]
[BlackTitle "IM"]
[WhiteElo "2477"]
[BlackElo "2501"]
[WhiteTeam "Oslo Trolls"]
[BlackTeam "Montreal Chessbrahs"]
[WhiteFideId "2812320"]
[BlackFideId "2606577"]
[EventDate "2018.01.18"]

1. Nf3 d5 2. g3 c6 3. Bg2 Bg4 4. O-O Nd7 5. d3 Ngf6 6. h3 Bxf3 7. Bxf3 e5 8. e4
Bc5 9. Nc3 d4 10. Ne2 h5 11. h4 Bd6 12. c3 c5 13. Bg2 Qb6 14. Bd2 Rc8 15. Rb1
Qa6 16. Qc2 O-O 17. c4 Rfe8 18. Bh3 Rcd8 19. Bg5 Be7 20. Kh1 Nh7 21. Bd2 Qc6 22.
Kh2 g6 23. Rbe1 Ndf6 24. f4 exf4 25. Nxf4 Bd6 26. Bc1 Be5 27. Qf2 Qc7 28. Kg2
Kg7 29. Qf3 Re7 30. Re2 a6 31. b3 Rde8 32. Ref2 Rf8 33. Qd1 Qd6 34. Qd2 b6 35.
Ne2 Ng8 36. Rf3 Nhf6 37. Qe1 Qc6 38. Bg5 Rc7 39. Nf4 Qd6 40. Qd2 Rb7 41. Nd5
Nxd5 42. exd5 f5 43. Re1 Re8 44. Rf2 Rbb8 45. Rfe2 Kf7 46. Kh1 b5 47. Bf4 Kf6
48. Rxe5 1-0

[Event "PRO League Group Stage"]
[Site "chess.com INT"]
[Date "2018.02.24"]
[Round "7"]
[White "Kobo, Ori"]
[Black "Zhao, Zong-Yuan"]
[Result "1-0"]
[WhiteTitle "GM"]
[BlackTitle "GM"]
[WhiteElo "2477"]
[BlackElo "2537"]
[WhiteTeam "Oslo Trolls"]
[BlackTeam "Australia Kangaroos"]
[WhiteFideId "2812320"]
[BlackFideId "3202534"]
[EventDate "2018.01.18"]

1. Nf3 c5 2. c4 Nc6 3. d4 cxd4 4. Nxd4 Nf6 5. Nc3 e6 6. g3 Bc5 7. Nb3 Bb6 8. c5
Bc7 9. Nb5 Ba5+ 10. Bd2 Bxd2+ 11. Qxd2 O-O 12. Bg2 b6 13. Nd6 a5 14. Rc1 a4 15.
Nd4 bxc5 16. Rxc5 Ra6 17. Nxc6 dxc6 18. Nxc8 Qxc8 19. O-O Nd5 20. Rfc1 Qb7 21.
e4 Ne7 22. h4 h6 23. R1c2 Rb6 24. Ra5 Ra8 25. Rxa8+ Qxa8 26. Qd6 Rb7 27. h5 Qb8
28. Qd4 Ra7 29. Rd2 e5 30. Qc5 Qc7 31. Bh3 Kh7 32. Rd7 Qxd7 33. Bxd7 Rxd7 34.
Qxe5 Kg8 35. Qb8+ Kh7 36. Qb4 1-0

[Event "PRO League Group Stage"]
[Site "chess.com INT"]
[Date "2018.02.24"]
[Round "7"]
[White "Kobo, Ori"]
[Black "Robson, Ray"]
[Result "0-1"]
[WhiteTitle "GM"]
[BlackTitle "GM"]
[WhiteElo "2477"]
[BlackElo "2645"]
[WhiteTeam "Oslo Trolls"]
[BlackTeam "Webster Windmills"]
[WhiteFideId "2812320"]
[BlackFideId "2023970"]
[EventDate "2018.01.18"]

1. e4 c5 2. Nf3 d6 3. d4 cxd4 4. Nxd4 Nf6 5. Nc3 a6 6. h4 Nc6 7. Be3 e5 8. Nxc6
bxc6 9. Bc4 Qa5 10. Qd3 Be7 11. O-O-O Ng4 12. Bg5 f6 13. Be3 Rb8 14. Bb3 Rxb3
15. cxb3 Be6 16. Kb1 O-O 17. a3 Rd8 18. b4 Qc7 19. Qxa6 Nxe3 20. fxe3 Rb8 21.
Rc1 Qd7 22. Rhd1 Qe8 23. b5 cxb5 24. Nd5 Bxd5 25. Rxd5 h5 26. Rc7 Qg6 27. Rc8+
Kh7 28. Rxb8 Qxe4+ 29. Ka1 Qxd5 30. Qxb5 Qxg2 31. Qd3+ e4 32. Qd5 Kg6 33. Qe6
Qg1+ 34. Ka2 Qxe3 35. Qxe7 Qd3 36. Qe8+ Kh6 37. Qh8+ Kg6 38. Qe8+ Kh6 39. Qe6 d5
40. Qc8 e3 41. Rb3 Qe4 42. Qc1 d4 43. Rb4 Qe6+ 44. Ka1 d3 45. Rc4 d2 46. Qc2 Qd5 0-1

[Event "PRO League Group Stage"]
[Site "chess.com INT"]
[Date "2018.02.24"]
[Round "7"]
[White "Ducarmon, Quinten"]
[Black "Chandra, Akshat"]
[Result "1-0"]
[WhiteTitle "IM"]
[BlackTitle "GM"]
[WhiteElo "2472"]
[BlackElo "2510"]
[WhiteTeam "Amsterdam Mosquitoes"]
[BlackTeam "Saint Louis Arch Bishops"]
[WhiteFideId "1025007"]
[BlackFideId "25006711"]
[EventDate "2018.01.18"]

1. e4 c5 2. Nf3 d6 3. Bb5+ Bd7 4. Bxd7+ Nxd7 5. O-O Ngf6 6. Qe2 e6 7. c4 e5 8.
Nc3 Be7 9. d3 O-O 10. a3 Ne8 11. b4 Nc7 12. Rb1 b6 13. Nd5 Nxd5 14. cxd5 cxb4
15. axb4 a5 16. bxa5 bxa5 17. Ba3 Rb8 18. Nd2 Nb6 19. Nb3 Na4 20. Rfc1 Rb5 21.
d4 Qb8 22. Qc4 Bg5 23. Rc2 Rb4 24. Bxb4 Qxb4 25. dxe5 dxe5 26. Qxb4 axb4 27. Nc5
Rc8 28. Rxb4 Nxc5 29. Rxc5 Ra8 30. Rcb5 Kf8 31. Rb8+ Rxb8 32. Rxb8+ Ke7 33. Rb7+
Kf6 34. Kf1 Bc1 35. Ke2 Ba3 36. Kd3 Bc5 37. f3 1-0

[Event "PRO League Group Stage"]
[Site "chess.com INT"]
[Date "2018.02.24"]
[Round "7"]
[White "Ducarmon, Quinten"]
[Black "Altounian, Levon"]
[Result "0-1"]
[WhiteTitle "IM"]
[BlackTitle "IM"]
[WhiteElo "2472"]
[BlackElo "2443"]
[WhiteTeam "Amsterdam Mosquitoes"]
[BlackTeam "Las Vegas Desert Rats"]
[WhiteFideId "1025007"]
[BlackFideId "2011298"]
[EventDate "2018.01.18"]

1. e4 e6 2. d4 d5 3. Nd2 Nf6 4. e5 Nfd7 5. Bd3 c5 6. c3 Nc6 7. Ngf3 a5 8. O-O a4
9. Qe2 a3 10. dxc5 axb2 11. Bxb2 Nxc5 12. Bb5 Na4 13. Nb3 Bd7 14. c4 dxc4 15.
Bxc4 Nxb2 16. Qxb2 Ba3 17. Qe2 O-O 18. Rad1 Qe7 19. h4 Nb4 20. Nc5 Bc6 21. Ne4
Rfd8 22. Nfg5 h6 23. Qh5 Bd5 24. Bd3 Nxd3 25. Rxd3 Bxe4 26. Rxd8+ Rxd8 27. Nxe4
Rd4 28. Re1 Qb4 29. Qe2 Qc4 30. Qf3 Bb4 31. Re3 Qc1+ 32. Kh2 Bd2 33. Rb3 Bf4+
34. g3 Bxe5 35. Rxb7 f5 36. Nc3 Rxh4+ 0-1

[Event "PRO League Group Stage"]
[Site "chess.com INT"]
[Date "2018.02.24"]
[Round "7"]
[White "Ducarmon, Quinten"]
[Black "Becerra Rivero, Julio"]
[Result "0-1"]
[WhiteTitle "IM"]
[BlackTitle "GM"]
[WhiteElo "2472"]
[BlackElo "2531"]
[WhiteTeam "Amsterdam Mosquitoes"]
[BlackTeam "Miami Champions"]
[WhiteFideId "1025007"]
[BlackFideId "3501728"]
[EventDate "2018.01.18"]

1. e4 e5 2. Nf3 Nc6 3. d4 exd4 4. Nxd4 Nf6 5. Nc3 Bb4 6. Nxc6 bxc6 7. Bd3 d5 8.
exd5 O-O 9. O-O cxd5 10. h3 Rb8 11. Qf3 c6 12. Bf4 Bd6 13. b3 Rb4 14. Bxd6 Qxd6
15. Rfe1 Be6 16. Ne2 c5 17. c3 Rb7 18. Nf4 Re7 19. Qg3 Rd8 20. Re2 h6 21. Rae1
g5 22. Nxe6 Rxe6 23. Rxe6 fxe6 24. Re5 Kf7 25. h4 Nh5 26. Qe3 Rg8 27. hxg5 hxg5
28. b4 Kf6 29. Qf3+ Kxe5 30. Qxh5 Qf8 31. bxc5 Qf4 32. Qh7 Rc8 33. Qg7+ Qf6 34.
Qxa7 Qf8 35. c6 Rxc6 36. Qd4+ Kd6 37. Qb4+ Rc5 38. Qb6+ Ke5 39. a4 Qc8 40. g3
Qc7 41. Qb2 Kd6 42. Kg2 Rxc3 43. Qb4+ Rc5 44. Bb5 Qh7 45. Qd2 Qe4+ 46. Kg1 g4
47. Bd3 Qd4 48. Qg5 Qxd3 49. Qd8+ Ke5 50. Qh8+ Ke4 51. Qf6 Qd1+ 52. Kh2 e5 53.
Qb6 Rc3 54. a5 d4 55. a6 Rc1 56. Qb7+ Kd3 57. Qg2 Ra1 58. a7 Qf3 59. a8=Q Rxa8
60. Qf1+ Ke4 0-1

[Event "PRO League Group Stage"]
[Site "chess.com INT"]
[Date "2018.02.24"]
[Round "7"]
[White "Ducarmon, Quinten"]
[Black "Brown, Michael William"]
[Result "0-1"]
[WhiteTitle "IM"]
[BlackTitle "IM"]
[WhiteElo "2472"]
[BlackElo "2506"]
[WhiteTeam "Amsterdam Mosquitoes"]
[BlackTeam "San Diego Surfers"]
[WhiteFideId "1025007"]
[BlackFideId "2037602"]
[EventDate "2018.01.18"]

1. e4 e5 2. Nf3 Nc6 3. d4 exd4 4. Nxd4 Bc5 5. Nb3 Bb6 6. Qe2 a5 7. Be3 a4 8.
N3d2 Bxe3 9. Qxe3 Nf6 10. Nc3 O-O 11. Bc4 Re8 12. a3 Ng4 13. Qg3 Nge5 14. Bd5
Nd4 15. O-O-O c6 16. Ba2 Qf6 17. f4 Ng6 18. Rhf1 d5 19. Kb1 h5 20. f5 Ne7 21.
Qf2 b6 22. Rfe1 Nxc2 23. Kxc2 d4 24. Ne2 d3+ 25. Kxd3 Qxb2 26. Nc1 Ba6+ 27. Ke3
Qxa3+ 28. Kf4 Qd6+ 29. e5 Qh6+ 30. Kg3 Qg5+ 31. Kf3 Qg4+ 32. Ke3 Nxf5+ 0-1

[Event "PRO League Group Stage"]
[Site "chess.com INT"]
[Date "2018.02.24"]
[Round "7"]
[White "Panjwani, Raja"]
[Black "Hauge, Lars Oskar"]
[Result "1-0"]
[WhiteTitle "IM"]
[BlackTitle "IM"]
[WhiteElo "2444"]
[BlackElo "2436"]
[WhiteTeam "Montreal Chessbrahs"]
[BlackTeam "Oslo Trolls"]
[WhiteFideId "2604493"]
[BlackFideId "1509276"]
[EventDate "2018.01.18"]

1. d4 e6 2. c4 f5 3. a3 Nf6 4. g3 d5 5. Bg2 c6 6. Nd2 Bd6 7. Ngf3 O-O 8. O-O Bd7
9. c5 Bc7 10. b4 Be8 11. Bb2 Nbd7 12. a4 Ne4 13. b5 Ndf6 14. bxc6 Bxc6 15. Ne5
Be8 16. Nd3 b6 17. f3 Nxd2 18. Qxd2 bxc5 19. Nxc5 Qe7 20. Ba3 Bd6 21. Qe3 Bd7
22. Nb7 Bxa3 23. Qxa3 Qxa3 24. Rxa3 Rfb8 25. Nc5 Rb4 26. Rd1 Kf7 27. e3 Ke7 28.
Rd2 Be8 29. Kf2 Nd7 30. Nd3 Rb1 31. a5 Rc8 32. Raa2 Rb5 33. Bf1 Rcb8 34. Ne5
Nxe5 35. Bxb5 Nxf3 36. Kxf3 Bxb5 37. Rab2 a6 38. Rdc2 Kd6 39. Rc5 g5 40. h3 h6
41. g4 Rh8 42. Kg3 Rf8 43. Rf2 Bc4 44. h4 Bd3 45. hxg5 hxg5 46. gxf5 exf5 47.
Rh2 Rf6 48. Rh8 Re6 49. Kf2 Bc4 50. Rhc8 Bb5 51. Rf8 f4 52. exf4 gxf4 53. Rxf4
Re2+ 54. Kf3 Ra2 55. Rf6+ Ke7 56. Rb6 Rxa5 57. Rc7+ Kd8 58. Rg7 Ra3+ 59. Kf4 Kc8
60. Ke5 Bc4 61. Kd6 1-0

[Event "PRO League Group Stage"]
[Site "chess.com INT"]
[Date "2018.02.24"]
[Round "7"]
[White "Panjwani, Raja"]
[Black "Haria, Ravi"]
[Result "1-0"]
[WhiteTitle "IM"]
[BlackTitle "IM"]
[WhiteElo "2444"]
[BlackElo "2374"]
[WhiteTeam "Montreal Chessbrahs"]
[BlackTeam "London Lions"]
[WhiteFideId "2604493"]
[BlackFideId "415820"]
[EventDate "2018.01.18"]

1. Nf3 Nf6 2. g3 e6 3. Bg2 d5 4. O-O Be7 5. d3 c5 6. Nbd2 Nc6 7. e4 b6 8. Re1
Bb7 9. a4 Qc7 10. exd5 exd5 11. Nf1 O-O 12. Ne3 g6 13. Nh4 Rad8 14. a5 Rfe8 15.
axb6 axb6 16. Bd2 Bf8 17. f4 c4 18. d4 Ne4 19. c3 Na5 20. Bc1 Nb3 21. Ra2 Ra8
22. Rxa8 Rxa8 23. Nc2 b5 24. f5 Nxc1 25. Qxc1 Be7 26. Nf3 Bc8 27. Ne3 Qd6 28.
fxg6 hxg6 29. Nxd5 Qxd5 30. Nd2 Bb7 31. Bxe4 Qd7 32. Qb1 Rb8 33. Nf3 Bf6 34.
Bxb7 Rxb7 35. Qe4 Kg7 36. Ne5 Qc8 37. Nc6 Rc7 38. d5 Qb7 39. Rf1 Qb6+ 40. Kg2
Qc5 41. Rxf6 Kxf6 42. Qe5# 1-0

[Event "PRO League Group Stage"]
[Site "chess.com INT"]
[Date "2018.02.24"]
[Round "7"]
[White "Panjwani, Raja"]
[Black "Ducarmon, Quinten"]
[Result "0-1"]
[WhiteTitle "IM"]
[BlackTitle "IM"]
[WhiteElo "2444"]
[BlackElo "2472"]
[WhiteTeam "Montreal Chessbrahs"]
[BlackTeam "Amsterdam Mosquitoes"]
[WhiteFideId "2604493"]
[BlackFideId "1025007"]
[EventDate "2018.01.18"]

1. c4 e5 2. Nc3 Nc6 3. Nf3 Nf6 4. e4 Bb4 5. d3 d6 6. g3 a6 7. Bg2 Bg4 8. h3 Bh5
9. O-O O-O 10. a3 Bc5 11. b4 Ba7 12. Be3 Nd4 13. g4 Nxf3+ 14. Qxf3 Bg6 15. Bg5
c6 16. Ne2 Qe7 17. Rad1 h6 18. Bxf6 Qxf6 19. Qxf6 gxf6 20. Kh2 h5 21. f4 exf4
22. Nxf4 hxg4 23. hxg4 Bd4 24. Kg3 Kg7 25. Kf3 a5 26. b5 a4 27. Rb1 Bc5 28. bxc6
bxc6 29. Rb7 Rfe8 30. Ra1 Ra7 31. Rxa7 Bxa7 32. Rb1 Bc5 33. Rb7 Kh6 34. Ne2 Ra8
35. Nc3 Bxa3 36. d4 Bc1 37. Bf1 a3 38. Na2 Bb2 39. d5 cxd5 40. cxd5 Rc8 41. Bd3
Kg5 42. Rb6 Rh8 43. Rxd6 Rh3+ 44. Ke2 Rh2+ 45. Kf3 Be5 46. Ra6 Rxa2 47. d6 Rd2
48. Ke3 Bf4+ 49. Kd4 a2 50. d7 Bc7 51. Kc3 Rh2 52. Bc2 Rh8 53. Rxa2 Rd8 54. Ba4
Kxg4 55. Kd4 f5 56. e5 f4 57. Bc6 Bf5 58. Rg2+ Kh3 59. Rd2 Bxd7 60. Bd5 Be6 0-1

[Event "PRO League Group Stage"]
[Site "chess.com INT"]
[Date "2018.02.24"]
[Round "7"]
[White "Panjwani, Raja"]
[Black "Li, Ruifeng"]
[Result "1-0"]
[WhiteTitle "IM"]
[BlackTitle "GM"]
[WhiteElo "2444"]
[BlackElo "2576"]
[WhiteTeam "Montreal Chessbrahs"]
[BlackTeam "Norway Gnomes"]
[WhiteFideId "2604493"]
[BlackFideId "2061074"]
[EventDate "2018.01.18"]

1. Nf3 Nf6 2. c4 c5 3. Nc3 Nc6 4. g3 g6 5. Bg2 d6 6. d4 cxd4 7. Nxd4 Bd7 8. Nxc6
bxc6 9. O-O Bg7 10. e4 O-O 11. Qe2 Qc7 12. f4 Rab8 13. Kh1 Bg4 14. Qd3 Nd7 15.
h3 Nc5 16. Qc2 Be6 17. b3 d5 18. cxd5 cxd5 19. e5 Ne4 20. Bxe4 dxe4 21. g4 f6
22. Bb2 fxe5 23. Qxe4 Rbd8 24. f5 gxf5 25. gxf5 Rd4 26. Qg2 Bxf5 27. Nb5 Qd7 28.
Nxd4 exd4 29. Rf3 Rf6 30. Re1 Rg6 31. Qh2 e5 32. Rxe5 Bxe5 33. Qxe5 Qe6 34. Qxf5 1-0

[Event "PRO League Group Stage"]
[Site "chess.com INT"]
[Date "2018.02.24"]
[Round "7"]
[White "Sebenik, Matej"]
[Black "Margvelashvili, Giorgi"]
[Result "1-0"]
[WhiteTitle "GM"]
[BlackTitle "GM"]
[WhiteElo "2551"]
[BlackElo "2530"]
[WhiteTeam "Ljubljana Turtles"]
[BlackTeam "Seattle Sluggers"]
[WhiteFideId "14602296"]
[BlackFideId "13602926"]
[EventDate "2018.01.18"]

1. Nf3 Nf6 2. c4 c5 3. Nc3 e6 4. e3 d5 5. cxd5 exd5 6. Bb5+ Bd7 7. Bxd7+ Nbxd7
8. d4 Be7 9. O-O O-O 10. b3 Rc8 11. Bb2 a6 12. dxc5 Nxc5 13. Ne2 Ne6 14. Ng3 Ne4
15. Nf5 Re8 16. Qd3 Bf6 17. Bxf6 Qxf6 18. Ng3 Nc3 19. Rac1 d4 20. Nxd4 Nxd4 21.
exd4 Nxa2 22. Rxc8 Rxc8 23. Qd2 g6 24. Qxa2 Qxd4 25. Qe2 Rc3 26. Rd1 Qb6 27.
Qe8+ Kg7 28. Qe5+ Qf6 29. Qxf6+ Kxf6 30. Ne4+ 1-0